A „Jelentőlap az egyedileg megfigyelt beruházások megkezdéséről” kérdőív számítógépes feldolgozása a KSH Somogy megyei igazgatóságán

Elmentve itt :
Bibliográfiai részletek
Szerző: Lelovics Ferenc
További közreműködők: nincs megadva (Témavezető)
Dokumentumtípus: Szakdolgozat
Megjelent: 1988
Tárgyszavak:
Online Access:http://diploma.bibl.u-szeged.hu/412
LEADER 00645nta a2200157 i 4500
001 dipl412
005 20130314065751.0
008 101215s1988 hu om 0|| hun d
040 |a SZTE Diploma Repozitórium  |b hun 
041 |a hun 
100 1 |a Lelovics Ferenc 
245 1 2 |a A „Jelentőlap az egyedileg megfigyelt beruházások megkezdéséről” kérdőív számítógépes feldolgozása a KSH Somogy megyei igazgatóságán  |h [elektronikus dokumentum] /  |c Ferenc Lelovics 
260 |c 1988 
650 4 |a Informatika 
700 1 |a nincs megadva  |e ths 
856 4 0 |u http://diploma.bibl.u-szeged.hu/id/eprint/412/1/1988_lelovics_ferenc_88_40.pdf  |z Dokumentum-elérés